01117nam a2200241 a 4500001001000000003000400010005001700014008004100031020001800072040002500090245004200115260003700157300002100194500007300215504003500288710006500323942001400388952012000402952012000522952010500642952011100747999001700858000044229OSt20250919112546.0140610s2014 dr 000 0 spa d a9789945889154 aDO-SdBNPbspacBNPHU00aEnsayos sobre temas constitucionales. aSanto Domingo :bCONADEX,c2014. a354 p. ;c24 cm. aIncluye referencias bibliográficas y notas al pie de las páginas aBibliografía : p. [353]- 3541 aRepública Dominicana.bCorte de Constitucionalidad 971191 2ddccLBS1 001054708DSaGRbGRcHDd2014-06-10iLF1l0o p44229-30r2020-06-25te. 3w2020-06-25yLFDSZPréstamo en sala 001054708DSaGRbGRcHDd2015-07-31iLF1l0o p44229-40r2020-06-25te. 4w2020-06-25yLFDSZPréstamo en sala 0010718PDaPDbPDcHDd2014-06-10iLF1l0o p44229-10r2020-06-25w2020-06-25yLFPDZNo se presta 0010718PDaPDbPDcHDd2014-06-10iLF1l0o p44229-20r2020-06-25te. 2w2020-06-25yLFPDZNo se presta c43718d43718